000 00725nam a2200217 4500
008 040128s1989 tnu b 000 0 eng
020 _a0687173094
090 _aBV4211.2
_bF74h
100 1 _aForbes, James,
_d1935-
245 1 4 _aThe Holy Spirit & preaching /
_cJames Forbes.
260 _aNashville :
_bAbingdon Press,
_cc1989.
300 _a111 p. ;
_c22 cm.
500 _aPresented as the Lyman Beecher lectures of 1986 at Yale Divinity School.
504 _aBibliography: p. 107-109.
650 4 _aChurch renewal.
650 4 _aHoly Spirit.
650 4 _aPentecostalism.
650 4 _aPreaching.
740 0 2 _aHoly Spirit and preaching.
951 _p17904
_x00005582
_oBV4211.2/F74h
_j070613111333953
_d2000-12-21
_cGC
999 _c18749
_d18749